Pays qui contiennent la lettre OO+ - Statistiques

Statistiques générales
  • Ce quiz a été pris 142 fois
  • Le résultat moyen est 12 sur 20
Statistiques - réponses
Indice Pays % Correct
3 x O République Démocratique du Congo
79%
2 x O République du Congo
79%
2 x O Togo
79%
3 x O Kosovo
78%
2 x O Pologne
72%
2 x O Colombie
70%
2 x O Corée du Nord
69%
2 x O Mongolie
68%
2 x O Comores
65%
2 x O Lesotho
65%
2 x O Papouasie-Nouvelle-Guinée
64%
2 x O Monténégro
63%
2 x O Monaco
61%
2 x O Bosnie-Herzégovine
59%
2 x O Sao Tomé-et-Principe
55%
2 x O Côte d'Ivoire
52%
2 x O Trinité-et-Tobago
50%
2 x O Macédoine du Nord
42%
2 x O Îles Salomon
38%
2 x O Timor Oriental
37%
Aucun quiz correspondant
Distribution des résultats
% des personnes avec chaque résultat
Percentile par nombre de réponses
Votre historique - résultats
Vous n’avez pas pris ce quiz